An introduction to terrestrial laser scanning (Record no. 106337)

MARC details
000 -LEADER
fixed length control field 00426cam a2200145 4500
001 - CONTROL NUMBER
control field L136183
008 - FIXED-LENGTH DATA ELEMENTS--GENERAL INFORMATION
fixed length control field 070116n2004 000 0 eng u
035 ## - SYSTEM CONTROL NUMBER
System control number (Sirsi) u136183
041 0# - LANGUAGE CODE
Language code of text/sound track or separate title eng
110 2# - MAIN ENTRY--CORPORATE NAME
Corporate name or jurisdiction name as entry element Royal Institution of Chartered Surveyors
Subordinate unit Geomatics Faculty
9 (RLIN) 4352
245 03 - TITLE STATEMENT
Title An introduction to terrestrial laser scanning
260 ## - PUBLICATION, DISTRIBUTION, ETC.
Place of publication, distribution, etc. London
Name of publisher, distributor, etc. RICS
Date of publication, distribution, etc. 2004
300 ## - PHYSICAL DESCRIPTION
Extent 1
Type of unit folded sheet
Dimensions 44x21cm.
942 ## - ADDED ENTRY ELEMENTS (KOHA)
Suppress in OPAC 0
Source of classification or shelving scheme Dewey Decimal Classification
Holdings
Withdrawn status Lost status Damaged status Not for loan Home library Current library Shelving location Date acquired Total Checkouts Full call number Date last seen Copy number Price effective from Koha item type
        Virtual Virtual Missing 16/01/2007   MISSING 06/08/2019 1 06/08/2019 Online material